|
|
|
|
| LEADER |
00000cam a2200000 4500 |
| 001 |
vtls011992500 |
| 003 |
SK-MaSNL |
| 005 |
20260301145841.0 |
| 008 |
210906s2020 xo gr 010 j slo |
| 015 |
|
|
|a SNBA2020/09
|
| 020 |
|
|
|a 9788057020103
|q (brožované)
|
| 035 |
|
|
|a urn:nbn:sk:snk-am00fhxf
|
| 035 |
|
|
|a urn:nbn:sk:snk-am3iuxf
|
| 035 |
|
|
|a 72357969-6DBA-4322-953B-7C0898B428E2
|
| 040 |
|
|
|a SNK
|b slo
|c SNK
|e rda
|
| 041 |
0 |
|
|a slo
|
| 044 |
|
|
|a xo
|c SK
|
| 072 |
|
7 |
|a 821.162.4-3
|x Slovenská próza
|2 konspekt
|
| 080 |
|
|
|a 2-185
|2 2011
|
| 080 |
|
|
|a 821.162.4-32
|2 2011
|
| 100 |
1 |
|
|a Lalala, Zuzana
|4 aut
|9 506238
|
| 245 |
1 |
0 |
|a Život podľa abecedy
|c Zuzana Lalala
|
| 264 |
|
1 |
|a [Šenkvice]
|b [Zuzana Lapšanská]
|c 2020
|
| 300 |
|
|
|a 292 strán
|c 15 cm
|
| 336 |
|
|
|a text
|b txt
|2 rdacontent
|
| 337 |
|
|
|a bez média
|b n
|2 rdamedia
|
| 338 |
|
|
|a zväzok
|b nc
|2 rdacarrier
|
| 500 |
|
|
|a Vydavateľské údaje podľa NA ISBN
|
| 650 |
0 |
7 |
|a život
|2 SNKPH
|9 20137
|
| 650 |
0 |
7 |
|a Life
|2 SNKPHeng
|9 318451
|
| 655 |
|
7 |
|a slovenské príbehy
|2 SNKPH
|9 70494
|
| 655 |
|
7 |
|a Slovak stories
|2 SNKPHeng
|9 277112
|
| 919 |
|
|
|a 978-80-570-2010-3
|
| 958 |
|
|
|a LX
|
| 999 |
|
|
|c 781576
|d 783506
|
| 952 |
|
|
|a SNK
|b SNK
|y PREZ
|7 0
|p 17A1443092
|o snkSE 13891
|i snk2020/16427
|8 0
|0 0
|1 0
|4 0
|d 2020-09-17
|f 1
|l 0
|r 2026-02-24 01:07:06
|w 2026-02-24
|
| 952 |
|
|
|a SNK
|b SNK
|y VYP
|7 0
|p 17A1443093
|o snkSE 13891 D1
|i snk2020/16428
|8 0
|0 0
|1 0
|4 0
|d 2020-09-17
|l 0
|r 2026-02-24 01:07:06
|w 2026-02-24
|